| 000 | 00378nam a2200169Ia 4500 | ||
|---|---|---|---|
| 003 | 0STCL | ||
| 008 | 150530s9999 xx 000 0 und d | ||
| 040 |
_aSTCL _cSTCL |
||
| 100 | _aSayers, R.S. | ||
| 245 | _aModern banking | ||
| 250 | _aseventh | ||
| 260 |
_bOxford Clarendon press _c1967 |
||
| 546 | _aEnglish | ||
| 942 |
_2ddc _cBK |
||
| 999 |
_c9639 _d9639 |
||
| 005 | 20220125165531.0 | ||